<?xml version="1.0" encoding="UTF-8"?>
<record
    xmlns:xsi="http://www.w3.org/2001/XMLSchema-instance"
    xsi:schemaLocation="http://www.loc.gov/MARC21/slim http://www.loc.gov/standards/marcxml/schema/MARC21slim.xsd"
    xmlns="http://www.loc.gov/MARC21/slim">

  <leader>01259nam a2200313 a 4500</leader>
  <controlfield tag="001">BRL_1381</controlfield>
  <controlfield tag="005">20190320211157.0</controlfield>
  <controlfield tag="008">090114s1989----u--ao#####---#000-0#eng-#</controlfield>
  <datafield tag="020" ind1=" " ind2=" ">
    <subfield code="a">0936127015</subfield>
  </datafield>
  <datafield tag="041" ind1=" " ind2=" ">
    <subfield code="a">eng</subfield>
  </datafield>
  <datafield tag="044" ind1=" " ind2=" ">
    <subfield code="a">u</subfield>
  </datafield>
  <datafield tag="050" ind1=" " ind2="4">
    <subfield code="a">GT639</subfield>
    <subfield code="b">.B58 1989</subfield>
  </datafield>
  <datafield tag="100" ind1="1" ind2=" ">
    <subfield code="a">Blum Schevill, Margot</subfield>
    <subfield code="9">26598</subfield>
  </datafield>
  <datafield tag="245" ind1="1" ind2="0">
    <subfield code="a">Evolution in textile design from the highlands of Guatemala</subfield>
    <subfield code="b">seventeen male tzutes, or headdresses, from Chichicastenango in the collections of the Lowie Museum of Antropology University of California, Berkeley</subfield>
    <subfield code="c">by Margot Blum Schevill ; drawings by Carolyn Shapiro.</subfield>
  </datafield>
  <datafield tag="260" ind1=" " ind2=" ">
    <subfield code="a">Berkeley, California</subfield>
    <subfield code="b">Lowie Museum of Anthropology</subfield>
    <subfield code="c">1989</subfield>
  </datafield>
  <datafield tag="300" ind1=" " ind2=" ">
    <subfield code="a">iv, 79 p.</subfield>
    <subfield code="b">il., mapas</subfield>
    <subfield code="c">28 cm.</subfield>
  </datafield>
  <datafield tag="440" ind1=" " ind2="0">
    <subfield code="a">The Occasional papers</subfield>
    <subfield code="v">1</subfield>
    <subfield code="9">26703</subfield>
  </datafield>
  <datafield tag="500" ind1=" " ind2=" ">
    <subfield code="a">Au1632</subfield>
  </datafield>
  <datafield tag="500" ind1=" " ind2=" ">
    <subfield code="a">Incluye dedicatoria a Ruth Lechuga</subfield>
  </datafield>
  <datafield tag="502" ind1=" " ind2=" ">
    <subfield code="a">Bibliograf&#xED;a: p. 76-78</subfield>
  </datafield>
  <datafield tag="650" ind1="1" ind2="4">
    <subfield code="a">Indumentaria</subfield>
    <subfield code="x">Historia</subfield>
    <subfield code="z">Guatemala</subfield>
    <subfield code="9">26704</subfield>
  </datafield>
  <datafield tag="650" ind1="1" ind2="4">
    <subfield code="a">Prendas de vestir</subfield>
    <subfield code="x">Historia</subfield>
    <subfield code="z">Guatemala</subfield>
    <subfield code="9">26705</subfield>
  </datafield>
  <datafield tag="650" ind1="1" ind2="4">
    <subfield code="a">Dise&#xF1;o textil</subfield>
    <subfield code="x">Historia</subfield>
    <subfield code="z">Guatemala</subfield>
    <subfield code="9">26706</subfield>
  </datafield>
  <datafield tag="650" ind1="1" ind2="4">
    <subfield code="a">Mayas</subfield>
    <subfield code="x">Ropa - Historia</subfield>
    <subfield code="9">26707</subfield>
  </datafield>
  <datafield tag="650" ind1="1" ind2="4">
    <subfield code="a">Ind&#xED;genas de Am&#xE9;rica Central</subfield>
    <subfield code="x">Ropa - Historia</subfield>
    <subfield code="z">Guatemala</subfield>
    <subfield code="9">26708</subfield>
  </datafield>
  <datafield tag="700" ind1="1" ind2=" ">
    <subfield code="a">Shapiro, Carolyn</subfield>
    <subfield code="e">il.</subfield>
    <subfield code="9">26709</subfield>
  </datafield>
  <datafield tag="902" ind1=" " ind2=" ">
    <subfield code="a">GRL</subfield>
  </datafield>
  <datafield tag="942" ind1=" " ind2=" ">
    <subfield code="2">lcc</subfield>
    <subfield code="c">B</subfield>
  </datafield>
  <datafield tag="999" ind1=" " ind2=" ">
    <subfield code="c">10192</subfield>
    <subfield code="d">10192</subfield>
  </datafield>
  <datafield tag="952" ind1=" " ind2=" ">
    <subfield code="0">0</subfield>
    <subfield code="1">0</subfield>
    <subfield code="4">0</subfield>
    <subfield code="7">0</subfield>
    <subfield code="a">BRL</subfield>
    <subfield code="b">BRL</subfield>
    <subfield code="d">2014-01-09</subfield>
    <subfield code="i">Au1632</subfield>
    <subfield code="l">0</subfield>
    <subfield code="o">GT639 .B58 1989 (Au1632)</subfield>
    <subfield code="p">GRL01539</subfield>
    <subfield code="r">2019-03-22 00:00:00</subfield>
    <subfield code="w">2019-03-22</subfield>
    <subfield code="y">B</subfield>
  </datafield>
</record>
